00878nam a2200265Ia 450000100060000000300090000600800410001504000130005604000130006904100130008210000180009510000290011324500700014224501050021225000110031726000100032826000110033826000490034930000550039850000710045365000160052465000310054070000120057170000290058318300IT-RoPAU130308s9999 xx 000 0 und d aIT-RoPAU cIT-RoPAU aFRANCESE aMetellus Jean gCodice Aut. SPICS: 11728 aTroubles de la comprehension du langage et combinatoire cerebrale bActes Du Colloque International et Multidisciplinaire Sur la Comprehension Du Langage (Creteil 1980) a1a ed. aPARIS bDidier c1981 [1° Ed.:1981 - Ed.Ling.Originale:1980] a"4 p. (prefazione: no ; testo: 4 [pagine: 46-49])" aDisturbo nella Comprensione del Linguaggio e Combinatori Cerebrali aLINGUISTICA eCodice materia Spics: 3201 aHatt A. gCodice Aut. SPICS: 12809